00937 a2200193 4500003000500000005001700005010001600022020001500038040000900053082001100062100002400073245006500097260005500162300003400217490005200251505037900303650003800682650002300720Nust20170207153439.0 a 76012803 a0201072440 cNust00a621.381 aStremler, Ferrel G.10aIntroduction to communication systems /cFerrel G. Stremler. aReading, Mass. :bAddison-Wesley Pub. Co.,cc1977. axii, 562 p. :bill. ;c25 cm.0 aAddison-Wesley series in electrical engineering aIntroduction (Page-1), Orthogonality and Signal Representations (Page-9), the fourier Transform and Applications (Page-79), Power Spectral Density (Page-151), Amplitude Modulation (Page-201), Angle Modulation (Page-279), Pulse Modulation (Page-351), Probability and Random Variable (Page-431), Information and Digital Transmission (Page-499), Digital Modulation (Page-571). 0aSignal theory (Telecommunication) 0aTelecommunication.